Spôsoby zvyšovania úrovne riadenia výskumno vývojovej organizácie

Salvato in:
Dettagli Bibliografici
Autore principale: Ondrejček, Peter
Natura: Libro
Lingua:slovacco
Pubblicazione: Praha Ústředí vědeckých, technických a ekonomických informací 1984
Tags: Aggiungi Tag
Nessun Tag, puoi essere il primo ad aggiungerne!!

MARC

LEADER 00000nam a2200000 4500
001 c113885
005 20251204130651.5
041 0 |a slo 
044 |a CZ 
245 1 0 |a Spôsoby zvyšovania úrovne riadenia výskumno vývojovej organizácie  |c Peter Ondrejček 
264 1 |a Praha  |b Ústředí vědeckých, technických a ekonomických informací  |c 1984 
300 |a 126 s. 
100 1 |a Ondrejček, Peter